00622 2200193 4500001002100000005001700021008004100038035002400079040001200103082000800115090001700123100002200140245009500162260007200257300003700329504002400366650002000390990001800410YOGYA-0113000000047720130109073915.0 ind  0010-011300000000477 aYOPDYOG a371 aSK 371 Mey P aMEYLA ISMAYA DEWI aPeran orang tua dalam memberikan pendidikan nilai pada anak/disusun oleh Meyla Ismaya Dewi aYogyakartabSekolah Tinggi Pembangunan Masyarakat Desa "APMD"c2003 aVII,52,(18)lbrbilus,lampc29 cm aBibliografi(lbr.53) aPendidikan Anak a42425-PD/A.12